| 000 | 01635 a2200289 4500 | ||
|---|---|---|---|
| 003 | Nust | ||
| 005 | 20170207154049.0 | ||
| 010 | _a 2009008956 | ||
| 020 | _a0203871391 (ebk) | ||
| 020 | _a0415497000 (hbk : alk. paper) | ||
| 020 | _a9780203871393 (ebk) | ||
| 020 | _a9780415497008 (hbk : alk. paper) | ||
| 035 | _a(OCoLC)ocn311756865 | ||
| 040 | _cNust | ||
| 082 | 0 | 0 | _a701.8 |
| 100 | _aJeffrey Johnson, Katerina Alexiou & Theodore Zamenopoulos. | ||
| 245 | 0 | 0 |
_aEmbracing complexity in design (E-Book) _cJeffrey Johnson, Katerina Alexiou & Theodore Zamenopoulos. |
| 260 |
_aNew York : _bRoutledge, _c2010. |
||
| 300 |
_axv, 216 p. : _bill. ; _c26 cm. |
||
| 505 | 0 | _aGenerating cities from the bottom up : using complexity theory for effective design (Page-1),Embracing complexity in building design (Page-19),Complexity in engineering design (Page-37),Using complexity science framework and multi-agent technology in design (Page-61),Complexity and coordination in collaborative design (Page-73),The mathematical conditions of design ability (Page-95), The art of complex systems science (Page-121),Performance, complexity and emergent objects (Page-143),Developments in service design thinking and practice(Page-161), Metamorphosis of the Artificial : designing the future through tentative links between complex systems science, second-order cybernetic and 4D design (Page-177),Embracing design in complexity (Page-193). | |
| 650 | 0 | _aComplexity (Philosophy) | |
| 650 | 0 | _aDesign. | |
| 651 | _a(E-Book) | ||
| 700 | 1 |
_aAlexiou, Katerina, _d1973- |
|
| 700 | 1 | _aJohnson, J. | |
| 700 | 1 |
_aZamenopoulos, Theodore, _d1973- |
|
| 942 |
_2ddc _cBK |
||
| 999 |
_c193045 _d193045 |
||